000 00595nam a22002417a 4500
003 UA-OsUOA
001 30748
007 ta
008 20041115b un ||||| |||| 00| 0 ukr d
100 _aПерцов В.
090 _a82.09
_bП26
942 _cBK
040 _aUA-OsUOA
_brus
_cUA-OsUOA
_dUA-OsUOA
245 _aМаяковский. Жизнь и творчество. (1918-1924)
300 _a428 с.
_bІлюстрації
955 _a0
041 _arus
080 _a82.09
260 _aМосква
_bНаука
_c1971
044 _aRU
650 7 _2UDC
999 _c317162
_d317162